Celebrity Mug Shots III Quiz Stats

Quiz Updated Apr 28, 2015

Challenge
Share
Tweet
Score 0/20 Timer 04:00
12 Plays Today
Picture Celebrity % Correct
Mike Tyson
91.1%
O.J. Simpson
86.3%
Mick Jagger
85.6%
Bill Gates
66.4%
Nicole Richie
58.4%
Lil Wayne
56.8%
Wesley Snipes
52.6%
Rush Limbaugh
46.5%
Haley Joel Osment
45.2%
Tonya Harding
43.2%
Picture Celebrity % Correct
Randy Quaid
43%
Ozzy Osbourne
42.3%
Michelle Rodriguez
35.1%
Tommy Lee
31.1%
Floyd Mayweather, Jr.
30.2%
Al Michaels
28.6%
Nicki Minaj
25.5%
Shaun White
15.9%
Chris Klein
15.2%
Hank Williams, Jr.
6%

You're not logged in!

Compare scores with friends on all Sporcle quizzes.
Sign Up with Email
OR
Log In

You Might Also Like...

Show Comments

Extras

Top Quizzes Today


Score Distribution

Your Account Isn't Verified!

In order to create a playlist on Sporcle, you need to verify the email address you used during registration. Go to your Sporcle Settings to finish the process.